| 000 | 00856nam a22003017a 4500 | ||
|---|---|---|---|
| 001 | 0152 | ||
| 003 | DO-SdBNP | ||
| 005 | 20180222100253.0 | ||
| 007 | 0152 | ||
| 008 | 151005b 2000 sp a 00| 0 spa d | ||
| 020 | _a8440697775 | ||
| 040 |
_aBPMSU _bspa _cBPMSU |
||
| 082 | 4 |
_axxxx _bxxxx |
|
| 100 | 1 | _aYoung, Jay | |
| 240 | 1 | 4 | _aThe amazing magic fact machine |
| 245 | 1 | 3 |
_aEl dedo mágico : _bacierta la respuesta / _cJay Young ; traductor María José Galilea ; ilustraciones Greg Adams |
| 260 |
_aBarcelona : _bEdiciones B, _c2000. |
||
| 300 |
_a30 p. : _bil. ; _c30 cm. |
||
| 490 | 1 | _aGrupo zeta | |
| 521 | _aPara niños de 5 a 8 años | ||
| 700 | 1 | 2 |
_aGalilea, María José, _etr. |
| 700 | 1 | 2 |
_aAdams, Greg, _eil. |
| 830 | 0 | _aGrupo zeta | |
| 910 | _a202 | ||
| 942 |
_2ddc _cBK |
||
| 945 | _aInventariado, 2018 / BT | ||
| 956 | _aYngrid Lockward | ||
| 999 |
_c9160 _d9160 |
||